| 000 | 01063nam a2200205Ia 4500 | ||
|---|---|---|---|
| 003 | Ost | ||
| 005 | 20260507075647.0 | ||
| 008 | 260507s9999||||xx |||||||||||||| ||und|| | ||
| 040 | _cfsecg | ||
| 041 | _aara | ||
| 082 | _a574.5 | ||
| 100 |
_aغرايبة، سامح _eمؤلف |
||
| 245 | 0 |
_aالمدخل الى العلوم البيئية / _c سامح غرايبة |
|
| 260 |
_aعمان: _bدار الشروق, _c1997 |
||
| 300 |
_a416 صفحة؛ _bإيضاحات ؛ _c24 سم |
||
| 520 | _aتطوير العلاقة والتفاعل بين الإنسان والبيئة- مفاهيم أساسية في البيئة- التغيير البيئي وأهميته- دورة المواد البيوجيوكيميائية- النظم البيئية الطبيعية الرئيسية- النظام البيئي البشري- نوعية البيئة وإدارتها- الأخطار البيئية وتقييم الآثار البيئية. | ||
| 653 | _aالعلوم البيئية | ||
| 700 |
_aالفرحان، يحيى _eمؤلف ثانوي |
||
| 942 | _cكتاب | ||
| 999 |
_c45504 _d45504 |
||